Ibu : kumpulan ceritera para pengarang AKSARA

Bibliographic Details
Format: Book
Published: Jakarta : Kurnia Esa , 1982
Subjects:

MARC

LEADER 00000cam a2200000 7i4500
001 0000008441
005 20021119093000.0
008 021119n
090 0 0 |a PL5138   |b .I29 
245 0 0 |a Ibu :   |b kumpulan ceritera para pengarang AKSARA   |c [penyunting, Korrie Layun Rampan dan Matheus Elanda Rosi DS] 
260 2 |a Jakarta :   |b Kurnia Esa ,   |c 1982 
300 |a 220 ms. ; ;   |c 21 sm. 
650 0 |a Indonesian short stories 
999 |a 1000028901   |b Book   |c OPEN SHELF (30 DAYS)   |e Gong Badak Campus 
999 |a 1000028902   |b Book   |c OPEN SHELF (30 DAYS)   |e Gong Badak Campus 
999 |a 1000028903   |b Book   |c OPEN SHELF (30 DAYS)   |e Gong Badak Campus